000 00656nam a22001457a 4500
008 140822b xxu||||| |||| 00| 0 eng d
020 _a0406090815
050 _aKD275.4.L39(1886 vol.11)
245 _aThe Law Reports, Appeal Cases(1886 vol.11): Under the superintendence and control of the Incorporated council of Law Reporting for England and Wales: Appeal cases before the House of Lords and the Judicial committee of the Privy Council also Peerage Cases. /
_cedited by A.P. Stone
260 _aLondon:
_bButterworth & Co. Ltd,
_c1886.
300 _avii, 707p.
_c24cm.
440 _pAppeal cases 1886
_vVol. 11
800 _aStone, A.P.
942 _2lcc
_cBK
999 _c3660
_d11160